Normale Ansicht MARC-Ansicht ISBD

A cultural history of marriage (Titelsatznr. 62071)

[ MARC ]
MARC-Details
000 -Satzkennung
Kontrollfeld mit fester Länge 02246nad a22003973ic4500
001 - Kontrollnummer
Kontrollfeld EBC6798686
003 - Kontrollnummer Identifier
Kontrollfeld MiAaPQ
005 - Datum und Zeit der letzten Transaktion
Kontrollfeld 20230401181546.0
007 - Feld mit fester Länge zur physischen Beschreibung - Allgemeine Information
Kontrollfeld mit fester Länge cr cnu||||||||
008 - Feld mit fester Länge zur physischen Beschreibung - Allgemeine Angaben
Kontrollfeld mit fester Länge 230324s2021 xx o ||||0 eng d
020 ## - Internationale Standardbuchnummer
Internationale Standardbuchnummer 9781350103191
Nähere Angaben (electronic bk.)
020 ## - Internationale Standardbuchnummer
Gelöschte/ungültige ISBN 9781350001831
040 ## - Katalogisierungsquelle
Original-Katalogisierungsstelle MiAaPQ
Katalogisierungssprache eng
Übertragungsstelle MiAaPQ
100 1# - Haupteintragung - Personenname
Personenname Ferraro, Joanne M.
Koha-Normdatenidentnummer 21900
245 12 - Titel
Titel A cultural history of marriage
Zählung des Teils/der Abteilung eines Werkes Volume 3
Titel eines Teils/einer Abteilung eines Werkes A cultural history of marriage in the Renaissance and early modern age
264 #1 - Produktion, Veröffentlichung, Distribution, Herstellung und Urheberrechtsvermerk
Herstellungs-, Veröffentlichungs- Vertriebs-, Erzeugungsort London ; New York ; Oxford ; New Delhi ; Sydney :
Produzent, Herausgeber, Distributor, Hersteller Bloomsbury Academic,
Datum der Herstellung, der Veröffentlichung, des Vertriebs oder des Urheberschutzvermerks 2021.
264 #4 - Produktion, Veröffentlichung, Distribution, Herstellung und Urheberrechtsvermerk
Datum der Herstellung, der Veröffentlichung, des Vertriebs oder des Urheberschutzvermerks ©2020.
300 ## - Physische Beschreibung
Umfang 1 online resource (233 pages)
336 ## - Inhaltstyp
Inhaltstypterm Text
Inhaltstypcode txt
Quelle rdacontent
337 ## - Medientyp
Bezeichnung des Medientyps Computermedien
Medientypcode c
Quelle rdamedia
338 ## - Datenträgertyp
Datenträgertypbezeichnung Online Resource
Datenträgertypcode cr
Quelle rdacarrier
490 1# - Gesamttitelangabe
Gesamttitelangabe The cultural histories series
500 ## - Allgemeine Fußnote
Allgemeine Fußnote E-Book-ProQuest / Fernzugriff nach Registrierung möglich
505 0# - Fußnote zu strukturierten Inhaltsangaben
Fußnote zu strukturierten Inhaltsangaben Cover -- Contents -- List of Figures -- Contributors -- General Editor's Preface -- Introduction Joanne M. Ferraro -- 1 Courtship and Ritual Debra Kaplan -- 2 Religion Cecilia Cristellon -- 3 State and Law Marjorie Elizabeth Plummer -- 4 The Ties that Bind Anna Bellavitis -- 5 The Family Economy: A Comparative Perspective on Legitimate Marriage, the Dispossession of Mothers, and the Displacement of Children Jutta Sperling -- 6 Love, Sex, and Sexuality Sara F. Matthews-Grieco -- 7 Breaking Vows: Adultery, Marital Ill-Treatment, and Divorce in England, 1450-1650 Martin Ingram -- 8 Representation: Art Celebrates Marriage in the Renaissance Andrea Bayer -- Notes -- Bibliography -- Index.
653 ## - Indexierungsterm - Nicht normiert
Nicht-normierter Term Marriage-History-16th century.
653 ## - Indexierungsterm - Nicht normiert
Nicht-normierter Term Marriage-History-To 1500.
653 ## - Indexierungsterm - Nicht normiert
Nicht-normierter Term Renaissance.
655 ## - Indexierungsterm - Genre/Form
Genre/Form oder fokussierter Term Fernzugriff
Koha-Normdatenidentnummer 230
773 08 - Übergeordnete Einheit
Zählung und erste Seite Volume3
Datensatzkontrollnummer 1684853796
776 08 - Andere physische Form
Verweisungsphrase Print version:
Haupteintragung Ferraro, Joanne M.
Titel A Cultural History of Marriage in the Renaissance and Early Modern Age
Ort, Verlag und Erscheinungsjahr London : Bloomsbury Publishing Plc,c2021
Internationale Standardbuchnummer 9781350001831
830 #4 - Nebeneintragung unter dem Gesamttitel - Einheitstitel
Einheitstitel The cultural histories series
Koha-Normdatenidentnummer 6986
856 40 - Elektronische Adresse und Zugriff
URL <a href="https://ebookcentral.proquest.com/lib/maxweberstiftung-ebooks/detail.action?docID=6798686">https://ebookcentral.proquest.com/lib/maxweberstiftung-ebooks/detail.action?docID=6798686</a>
OPAC-Notiz Volltext
942 ## - Zusätzliche Felder (Koha)
Koha-Medientyp E-Books
Klassifikation oder Aufstellungssystematik Andere/Generische Klassifikation
Exemplare
Ausgeschieden Verloren Klassifikation oder Aufstellungssystematik Beschädigt Nicht entleihbar Heimatbibliothek Aufenthaltsbibliothek Aufstellungsort Erwerbungsdatum Inventarnummer Signatur Barcode Letzte Aktivität Preis gültig von Koha-Medientyp
    Andere/Generische Klassifikation     MWN Osteuropa MWN Osteuropa Online-Ressource 24/03/2023 23-e00442 E-23-e00442 64656 24/03/2023 24/03/2023 E-Books